[Event "Montigny le Bretonneux op 21st"]
[Site "Montigny le Bretonneux"]
[Date "2021.12.29"]
[Round "5"]
[White "Rosu, Matei"]
[Black "Dufraisse, Matteo"]
[Result "0-1"]
[WhiteElo "1191"]
[BlackElo "1280"]
[PlyCount "86"]
[EventDate "2021.12.26"]
[EventType "swiss"]
[EventRounds "9"]
[EventCountry "FRA"]
[SourceTitle "EXT 2023"]
[Source "ChessBase"]
[SourceDate "2022.10.05"]
[SourceVersion "1"]
[SourceVersionDate "2022.10.05"]
[SourceQuality "1"]

1. e4 e5 2. Nf3 Nf6 3. Nxe5 d6 4. Nf3 Nxe4 5. Qe2 Qe7 6. d3 Nf6 7. Bg5 Qxe2+ 8. Bxe2 Be7 9. 0-0 0-0 10. Re1 Nc6 11. c3 Bg4 12. d4 d5 13. h3 Bf5 14. Bb5 Ne4 15. Bxe7 Nxe7 16. Nh4 Be6 17. Nf3 Ng6 18. Nbd2 Nxd2 19. Nxd2 Bf5 20. Nf1 c6 21. Ba4 Rfe8 22. Rxe8+ Rxe8 23. Ne3 Be4 24. Re1 Nf4 25. Nxd5 Nxd5 26. f3 f5 27. fxe4 fxe4 28. Bb3 Kf7 29. c4 Nf6 30. d5 cxd5 31. cxd5 Ke7 32. Rc1 Kd6 33. Rd1 Re5 34. Kf2 Nxd5 35. Bxd5 Rxd5 36. Rxd5+ Kxd5 37. Ke3 g5 38. g4 b5 39. b3 b4 40. Ke2 Kd4 41. Kd2 e3+ 42. Ke2 Ke4 43. Ke1 Kf3 0-1